| 000 | 00720cam a22002413a 4500 | ||
|---|---|---|---|
| 001 | 15172 | ||
| 003 | PGUSA | ||
| 005 | 20140828083326.0 | ||
| 008 | 050225s2005||||xxu|||||s|||||000 | eng d | ||
| 040 |
_aPGUSA _beng |
||
| 042 | _adc | ||
| 050 | 4 | _aBX | |
| 100 | 1 |
_aBaggs, Charles Michael, _d1806-1845 |
|
| 245 | 1 | 4 |
_aThe Ceremonies of the Holy-Week at Rome _h[electronic resource] / _cCharles Michael Baggs |
| 260 |
_bProject Gutenberg, _c2005 |
||
| 506 | _aPublic domain in the USA. | ||
| 516 | _aElectronic text | ||
| 653 | _aCatholic Church. Officium Hebdomadae Sanctae | ||
| 653 | _aHoly Week services | ||
| 830 | 0 |
_aProject Gutenberg _v15172 |
|
| 856 | 4 | 0 | _uhttp://www.gutenberg.org/ebooks/15172 |
| 942 | _cEB | ||
| 999 |
_c244427 _d244427 |
||